Leader xxxxxxxxxx
001 __ PCLIS00035345
005 __ 20210616112744.0
010 0_ |a957-32-4974-X|b套 : 精裝|dNT$560
010 0_ |a957-32-4968-5|b第一冊 : 精裝|dNT$280
010 0_ |a957-32-4969-3|b第二冊 : 精裝|dNT$280
100 __ |a20050506d20032002m y0chiy09 e
101 0_ |achi
102 __ |atw
105 __ |aaf z 000ad
200 1_ |a書劍恩仇錄|f金庸作
205 __ |a四版
205 __ |a公元2002年金庸新修版
210 __ |a臺北市|c遠流|d2003[民92]
215 0_ |a2冊(920面, 圖版[32]面)|c部分彩圖|d21公分
225 12 |a金庸作品集|v1-2
606 __ |2cst|a武俠小說
681 __ |a857.9|b864
700 _0 |a金庸|4作|f1924-2018
801 _0 |atw|b內湖高中|c20050506|gCCR
|